000 02960nam a2200301 a 4500
001 991017720342207486
005 20260423173825.0
008 250821n ck a gr 000 0 spa d
020 _a9789587362671
040 _aCO-BoBLA
_bspa
_cCO-BoBLA
_erda
041 0 _aspa
082 0 4 _a636.0896
_bD948p
100 _aDurán Ramírez, Felipe.
_eautor,
_edirector editorial
_9534
245 1 0 _aParasitología en perros y gatos /
_cFelipe Durán Ramirez.
264 1 _aBogotá :
_bGrupo Latino Editores,
_c2025
300 _a411 páginas :
_bilustraciones, tablas, gráficos, fotografías ;
_c27 cm.
336 _atexto
_btxt
_2rdacontent
337 _asin mediacion
_bn
_2rdamedia
338 _avolumen
_bnc
_2rdacarrier
490 1 _aVolvamos al campo
504 _aIncluye referencias bibliográficas páginas 393-411.
505 _aContenido. -- CAPÍTULO 1 Generalidades sobre la parasitología. -- ¿Qué es parasitología?. -- Ramas de la parasitología. -- Parasitosis. -- ¿Qué es un parásito?. -- Ciclo de vida de los parásitos. -- Asociaciones biológicas y parasitarias. -- Huésped. -- Relaciones entre parásito y hospedador. -- especificidad parasitaria. -- Reacciones de hospedero-parásito. -- Propagación y reproducción. -- Adaptaciones para la propagación del parásito. -- Transmisión de una especie parasitaria. -- Dispersión del hospedador. -- Inmunología y el sistema inmune. -- CAPÍTULO 2 Endoparásitos. -- ¿Qué son los endoparásitos?. -- CAPÍTULO 3 Ectoparásitos. -- Introducción. -- Artrópodos. -- Acciones patógenas de los artrópodos. -- Biología, diagnóstico y control de ectoparásitos. -- CAPÍTULO 4 Enfermedades producidas por parásitos que afectan a perros y gatos. -- Parasitosis del aparato digestivo. -- Amebiasis. -- Giardiasis. -- Balantidiasis. -- Criptosporidiosis. -- Opistorquiasis. -- Estrongiloidiasis. -- Tricuriasis. -- Toxicaríais. -- Espirocercosis. -- Ollulaniasis. -- Teniasis. -- Dipilidiasis. -- Equinococosis. -- Mesocestoidosis. -- Parasitosis sistémicas.-- Leishmaniacosis canina. -- Toxoplasmosis. -- Neosporosis. -- Encefalitozoonosis (microporidiosis). -- Babesiosis. -- Hepatozoonosis. -- Cytauzoonosis felina. -- Tripanpsosmiasis. -- Dirofilariasis canina.-- Dirofilariasis felina. -- Parasitosis respiratorias y cardiopulmonares. -- Angiostrongilosis. -- Aelurostrongilosis. -- Filaroidosis. -- Linguatulosis. -- Pneumonisosis. -- Parasitosis cutáneas. -- Demodicosis canina. -- Demodicosis felina. -- Sarcoptosis canina. -- Notoedrosis felina. -- Queiletielosis. -- Otodectosis. -- Índice de tablas. -- Índice de figuras. -- Bibliografía
650 0 _aParasitología veterinaria
_2BLAAUTO
_9829
650 0 _a Enfermedades de los perros
_xDiagnostico y tratamiento
_2BLAAUTO
_91137
650 0 _aEnfermedades de los gatos
_xDiagnostico y tratamiento
_2BLAAUTO
_91132
650 0 _aMedicina veterinaria
_xDiagnostico y tratamiento
_2BLAAUTO
_91133
942 _cBK
_n0
999 _c37913
_d37913